000 00836nam a2200229 a 4500
005 20210223121111.0
008 991125s1993 es 000 0 spa u
020 _a8474324459
035 _aUPN01000012235
049 _aCG
050 4 _aLB1725 I8
_bG5.38
100 1 _aGhilardi, Franco
245 1 0 _aCrisis y perspectivas de la profesión docente /
_cpor Franco Ghilardi ; tr. Alcira Bixio.
260 _aBarcelona, Esp. :
_bGedisa,
_c1993.
300 _a159 p.
440 0 _aDebate psicoeducativo.
_pGrupo ciencias de la educación
534 _pTítulo original:
_tLa professione docente negli annilgo : unconfronto con l'Europa
650 4 _aEDUCACION -
_xINNOVACIONES -
_zITALIA
_915799
650 4 _aMAESTROS -
_xFORMACION PROFESIONAL -
_zITALIA
_9794
650 4 _aPRACTICAS DE LA ENSEÑANZA -
_zITALIA
_920075
905 _aLibro
999 _c12235
_d12235